La cultura de Weimar / (Record no. 185572)

MARC details
000 -LEADER
campo de control de longitud fija 00899nam a2200289 i 4500
001 - NÚMERO DE CONTROL
campo de control 185572
003 - IDENTIFICADOR DE NÚMERO DE CONTROL
campo de control SpMaBN
005 - FECHA Y HORA DE LA ÚLTIMA TRANSACCIÓN
campo de control 20230906222452.0
008 - DATOS DE LONGITUD FIJA--INFORMACIÓN GENERAL
campo de control de longitud fija 160718s1984 sp fo |||| | spa d
020 ## - NÚMERO INTERNACIONAL ESTÁNDAR DEL LIBRO
Número Internacional Estándar del Libro 84-7178-743-1
080 ## - NÚMERO DE LA CLASIFICACIÓN DECIMAL UNIVERSAL
Número de la Clasificación Decimal Universal 008(430)"1918/33"
080 ## - NÚMERO DE LA CLASIFICACIÓN DECIMAL UNIVERSAL
Número de la Clasificación Decimal Universal 943.0"1918/33"
100 1# - ENTRADA PRINCIPAL--NOMBRE DE PERSONA
Nombre de persona Gay, Peter.
9 (RLIN) 56110
245 13 - MENCIÓN DEL TÍTULO
Título La cultura de Weimar /
Mención de responsabilidad, etc. Peter Gay ; [traducción, Nora Catelli].
250 ## - MENCION DE EDICION
Mención de edición 1ª ed.
260 ## - PUBLICACIÓN, DISTRIBUCIÓN, ETC.
Lugar de publicación, distribución, etc. Barcelona :
Nombre del editor, distribuidor, etc. Argos Vergara,
Fecha de publicación, distribución, etc. 1984.
300 ## - DESCRIPCIÓN FÍSICA
Extensión 219 p., [16] p. de lám. retr. ;
Dimensiones 22 cm.
490 1# - MENCIÓN DE SERIE
Mención de serie En línea
500 ## - NOTA GENERAL
Nota general Índice.
504 ## - NOTA DE BIBLIOGRAFÍA, ETC.
Nota de bibliografía, etc. Bibliografía: p. 185-211.
651 #7 - PUNTO DE ACCESO ADICIONAL DE MATERIA--NOMBRE GEOGRÁFICO
Nombre geográfico Alemania-
Subdivisión general Vida intelectual-
Subdivisión cronológica S.XX.
9 (RLIN) 7674
651 #7 - PUNTO DE ACCESO ADICIONAL DE MATERIA--NOMBRE GEOGRÁFICO
Nombre geográfico Alemania-
Subdivisión general Historia-
Subdivisión cronológica 1918-1933.
9 (RLIN) 7661
700 1# - ENTRADA AGREGADA--NOMBRE PERSONAL
Nombre de persona Catelli, Nora.
9 (RLIN) 37055
830 0# - PUNTO DE ACCESO ADICIONAL DE SERIE-TÍTULO UNIFORME
Título uniforme En línea
9 (RLIN) 185682
852 ## - LOCALIZACIÓN
Ubicación ES-MaACL
Número de control de estantería L-30444
Nota libre . - Donat. Miguel A. Velasco
Holdings
Estatus retirado Estado de pérdida Estado de daño No para préstamo Biblioteca de origen Biblioteca actual Ubicación en estantería Fecha de adquisición Fuente de adquisición Total de préstamos Signatura topográfica completa Código de barras Visto por última vez Precio de reemplazo Tipo de ítem Koha
        Biblioteca del Ateneo de Madrid Biblioteca del Ateneo de Madrid Depósito 2 18/07/2016     L-30444 1195610 23/02/2023 23/02/2023 Libro impreso